000 01085nam a2200301 i 4500
001 11974
003 KOSZ 005
005 20210402120614.0
008 080724s1962 pl a f 001 0 pol
015 _aPB 1962/7110
040 _aWA N
_cKOSZ 005/KK
_dKOSZ 005/KK
041 0 _apol
_beng
_brus
080 _a335.5:330
100 1 _aTemkin, Gabriel
_d(1921-2006).
_eAutor
245 1 0 _aKarola Marksa obraz gospodarki komunistycznej /
_cGabriel Temkin.
260 _aWarszawa :
_bPaństwowe Wydawnictwo Naukowe,
_c1962.
300 _a321 [2] s. :
_berr. ;
_c20 cm.
380 _aKsiążki.
490 1 _aBiblioteka Studiów nad Marksizmem ;
_v3.
504 _aBibliogr. s.302-312. Indeks.
546 _aStreszcz. ang., ros.
600 1 4 _aMarx, Karl
_d(1818-1883)
_eAutor
650 4 _aGospodarka socjalistyczna
710 2 _aPaństwowe Wydawnictwo Naukowe
_4pbl.
830 0 _aBiblioteka Studiów nad Marksizmem ;
_v3.
856 _uhttp://koha.tu.koszalin.pl/cgi-bin/koha/opac-detail.pl?biblionumber=11974
_yKatalog online BPK
942 _2UKD
_cKS
999 _c11974
_d11974